000
00486nam a2200181Ia 4500
008
090124s9999 xx 000 0 und d
082
_b
116063
100
_a
गांगल वसंत
245
_a
रेशीम गांठ
250
_a
1
260
_c
1975
300
_a
160
600
_a
गांगल वसंत
630
_a
रेशीम गांठ
700
_a
गांगल वसंत
730
_a
रेशीम गांठ
942
_c
BOOK
999
_c
162154
_d
162154